000 00384pab a2200145 454500
008 180718b1995 xxu||||| |||| 00| 0 eng d
100 _aFoner, Nancy
245 _aThe hidden injuries of bureaucracy
_bwork in an American nursing home.
260 _c1995
300 _ap.229-37
362 _aFall
650 _aMedical care - U.S.A.
773 _aHuman Organization
909 _a29295
999 _c29295
_d29295